Statistiques concernant Les 20 streamers français les plus célèbres sur Twitch

Cliquez ici pour prendre le quiz!

Statistiques générales

  • Ce quiz a été pris 308 fois
  • Le résultat moyen est 10 sur 20

Statistiques - réponses

PlaceAbonnésStreamers% Correct
14 897 796Squeezie
96%
24 265 321Gotaga
91%
111 668 340Michou
78%
32 463 249Aminematue
75%
131 456 242RebeuDeter
71%
71 822 488Kamet0
70%
91 771 818Doigby
63%
52 159 424Locklear
62%
101 739 956Domingo
60%
121 541 871ZeratoR
55%
191 085 425Etoiles
42%
62 055 436LeBouseuh
40%
151 230 294JLTomy
35%
201 048 658Mastu
31%
141 273 647Sardoche
24%
171 153 196Mickalow
20%
42 214 678SolaryFortnite
20%
81 817 489TheKAIRI78
20%
161 229 363WankilStudio
20%
181 137 013SkyrrozTV
6%

Distribution des résultats

Percentile par nombre de réponses

% des personnes avec chaque résultat

Votre développement - résultats

Vous n’avez pas pris ce quiz